000 01519nam a22003137a 4500
005 20080918163843.0
008 080918t xxu||||| |||| 00| 0 hin d
010 _aHIN-92704
020 _c200.00
_a9788190550062
035 _aHN-65050
037 _bDBAD / PUB
040 _aDPL
_bHN
082 _a922
100 _9747
_aटैगोर,रवीन्द्रनाथ
245 _aमास्टर साहब /
_cरवीन्द्रनाथ टैगोर;माधवानन्द सारस्वत द्वारा संपादित
246 _aMaster Sahib
_bby Ravindernath Tegor
260 _aजयपुर
_bपुस्तक संसार
_c2011
270 _aसेवापथ, लालजी सांड का रास्ता
_bजयपुर
300 _a175पृ.
_c22सेमी (सजिल्द)
650 _9697
650 _9698
700 _927881
_aसारस्वत, माधवानन्द
700 _927882
700 _927883
942 _2ddc
_cHN
_mटैगोर
_h922
999 _c52419
_d52419